Latin American and Caribbean urban development / Christien Klaufus, Rivke Jaffe

Đã lưu trong:
Chi tiết về thư mục
Tác giả chính: Klaufus, Christien
Tác giả khác: Jaffe, Rivke
Định dạng: Sách
Ngôn ngữ:English
Các nhãn: Thêm thẻ
Không có thẻ, Là người đầu tiên thẻ bản ghi này!

MARC

LEADER 00000nam a22000007a 4500
003 cru CIDCACS/IIS
005 20170406145320.0
007 ta
008 170406e2015 ne ||||| |||| 00| 0 eng d
040 |c cru CIDCACS/IIS 
100 1 |9 4070  |a Klaufus, Christien 
245 1 |a Latin American and Caribbean urban development /  |b Christien Klaufus, Rivke Jaffe 
300 |a páginas 63-72 
700 1 |9 4071  |a Jaffe, Rivke  
773 0 |0 19150  |9 611  |a Centro Latinoamericano de Estudios y Documentación  |d Amsterdam, Países Bajos Centro Latinoamericano de Estudios y Documentación  |o R19033  |t Revista Europea De Estudios Latinoamericanos y El Caribe =  |x 09240608 
942 |2 ddc  |c PP 
999 |c 19152  |d 19152